Statistiques concernant Pokémon - Les meilleurs murs spéciaux

Cliquez ici pour prendre le quiz!

Statistiques générales

  • Ce quiz a été pris 52 fois
    (36 depuis la dernière actualisation)
  • Le résultat moyen est 27 sur 57

Statistiques - réponses

PVDéfense spécialePokémonDégats reçus (%)% Correct
255135Leuphorie8,6 - 10,1
95%
250105Leveinard10,7 - 12,7
91%
120120Arceus16,2 - 19,1
73%
106154Lugia14,1 - 16,7
73%
80200Regice12,9 - 15,6
73%
20230Caratroc18,7 - 22,6
68%
100160Primo-Kyogre14 - 16,7
68%
80150Registeel16,9 - 20,2
68%
50160Deoxys (Défense)19,9 - 23,6
64%
100140Kyogre15,8 - 18,7
64%
21695Zygarde (100%)13 - 15,5
64%
150120Giratina14 - 16,5
59%
150100Giratina (Origine)16,5 - 19,5
59%
106154Ho-oh14,1 - 16,7
59%
90120Palkia19,3 - 22,7
59%
120130Cresselia14,9 - 17,8
55%
125100Kyurem (Blanc)18,6 - 21,9
55%
137107Lunala16,3 - 19,5
55%
90150Muplodocus15,8 - 19
55%
97127Necrozma (Ailes de l'Aurore)17,6 - 20,8
55%
110110Regigigas18,5 - 21,8
55%
100120Reshiram18,1 - 21,4
55%
160110Ronflex14,5 - 17,1
55%
13789Solgaleo19 - 22,6
55%
92115Zamazenta19,6 - 23,3
55%
92145Zamazenta (Bouclier Suprême)16 - 19
55%
12698Xerneas18,5 - 22,1
50%
12698Yveltal18,5 - 22,1
50%
75130Créhelf19,5 - 23,3
45%
103126Méga-Nanméouïe17 - 20,1
45%
100115Suicune18,7 - 22,2
45%
80150Méga-Latias16,9 - 20,2
41%
92115Zacian19,6 - 23,3
41%
92115Zacian (Épée Suprême)19,6 - 23,3
41%
13095Aquali18,7 - 22,1
36%
90125Artikodin18,6 - 22,1
36%
14095Éthernatos17,8 - 21,1
36%
80130Hoopa18,9 - 22,5
36%
80130Hoopa (Déchaîné)18,9 - 22,5
36%
80130Latias18,9 - 22,5
36%
100110Méga-Laggron19,6 - 23,1
36%
100120Méga-Tyranocif18,1 - 21,4
36%
91129Viridium17,9 - 21,3
36%
100128Meloetta17 - 20,2
32%
109131Zéroïd15,8 - 18,9
32%
100110Blizzeval19,6 - 23,1
27%
78154Florges16,8 - 19,8
27%
106120Méga-Mewtwo Y17,5 - 20,6
27%
95125Milobellus18,1 - 21,4
27%
95130Noctali17,2 - 20,5
27%
95130Nymphali17,2 - 20,5
27%
100130Sylveroy (Cavalier du Froid)16,7 - 19,9
27%
60150Tarinorme19,5 - 23,3
27%
13095Lokhlass18,7 - 22,1
23%
85140Démanta17,3 - 20,5
18%
95130Méga-Léviator17,2 - 20,5
18%
80135Hexagel18,6 - 21,9
5%

Distribution des résultats

Percentile par nombre de réponses

% des personnes avec chaque résultat

Votre développement - résultats

Vous n’avez pas pris ce quiz depuis la dernière actualisation